01379nam a2200241Ia 450000100060000000300090000600800410001504000130005604000130006904100130008210000220009510000290011724500300014624500300017625000110020626000090021726000090022626000490023530000570028450007230034165000420106465000310110676862IT-RoPAU130308s9999 xx 000 0 und d aIT-RoPAU cIT-RoPAU aITALIANO aNeffari Giancarlo gCodice Aut. SPICS: 27132 aDifendersi dai mass media bDifendersi Dai Mass Media a1a ed. aROMA bEdav c1985 [1° Ed.:1985 - Ed.Ling.Originale:1985] a"128 p. (prefazione: no ; testo: 128 [pagine: 0-0])" aComunicazione dell'Immagine Elementi della Comunicazione Segno Processo della Comunicazione Linguaggioimmagine Tecnica Massificazione e Strumentalizzazione comunicazioni Inavvertite immagine Espressiva immagine Tecnica visiva Fissa fotografia Lettura della foto cartellone giornale immagine sonora immagine Audiovisiva immagine Idealmente in Movimento o Idealmente Temporaleracconto fotografico Fumetto Lettura del Fumetto montaggio delle vignette fotoromanzo immagine in Movimento Tempo Reale e Tempo ideale Cinema montaggio visivo montaggio Sonoro Lettura del Film Protagonista Televisione programma Televisivo Pubblicità immagine Elettronica e Computer videogiochi Appunti Sulla Storia e varie correnti del Cinema aEDUCAZIONE ALLA COMUNICAZIONE SOCIALE eCodice materia Spics: 3812